000 01463nam a2200373 c 4500
003 BLK
005 20241220105449.0
008 180408b bul|||||r ||||||| ||bul||
010 _aKNG00044532000
020 _a978-954-26-1047-2
_bиздат.: Хермес
040 _aBLK
041 _aBUL
_cBUL
072 7 _2bullib
_aН83
_xЧужда художествена литература Н
080 _aАмериканска литература (на САЩ)
_b821.111(73)
_x-31
_z821.111(73)-31
100 1 _aХарбисън, Бет
_eпърви автор
_9136204
700 1 _aСтоилова, Пепа Стоилова
_eпрев. от англ.
_9364979
139 _aХарбисън, Бет
_bХ 26
245 1 0 _aКлубът на анонимните шопинг маниачки
_bРоман
_cБет Харбисън; прев. от англ. Пепа Стоилова Стоилова.
257 _aUSA
260 Пловдив
_bХермес
_c2011
_fХасково : Полиграфюг
300 _a304 с.
_c20 см
380 _aX
490 1 _aКолекция Ева
500 _aОриг. загл. Shoe Addicts Anonymous / Beth Harbison.
653 _aчиклит
653 _aромани
659 _aН
852 _aЦб 253964
856 4 _qpdf
_u
856 4 _qpdf
_u
942 _cKNG
_n0
_012
944 _aCR
_c09.12.2011
_lМинев Младен
_k30530
944 _aED
_c17.07.2013
_lф /
_k
999 _c41008
_d41008